| 000 | 00461nam a2200205Ia 4500 | ||
|---|---|---|---|
| 003 | 0100 | ||
| 008 | 130227s9999 xx 000 0 und d | ||
| 040 | _cARRUPELIB | ||
| 050 | _aDT515.5.F5 | ||
| 100 | _aFlint, John E. | ||
| 245 | _aNigeria and Ghana | ||
| 260 | _aEnglewood Cliffs | ||
| 260 | _bPrentice-Hall | ||
| 260 | _C1966 | ||
| 300 | _aviii | ||
| 300 | _b 176p 20cm | ||
| 650 | _bNag Hammadi codices | ||
| 650 | _cGnosticism | ||
| 942 |
_2lcc _02 |
||
| 999 |
_c1541 _d1541 |
||